| 000 | 00572nam a2200217 a 4500 | ||
|---|---|---|---|
| 001 | BRCA_6174 | ||
| 005 | 20190320205347.0 | ||
| 008 | 110711s1911----gw-#######---#000-0#ger-# | ||
| 041 | _ager | ||
| 044 | _agw | ||
| 050 | 4 |
_aPT2603 _b.R63 E7 _c1911 |
|
| 100 | 1 |
_aBrinkmann, Ludwig _915552 |
|
| 245 | 1 | 0 |
_aDie erweckung der Maria Carmen _cLudwig Brinkmann. |
| 260 |
_aFrankfurt, Alemania _bRutten & Loening _c1911 |
||
| 300 | _a394 p. | ||
| 500 | _aEdición con cantos dorados | ||
| 500 | _aK57 | ||
| 650 | 1 | 4 |
_aLiteratura Alemana _96160 |
| 902 | _aGFM | ||
| 942 |
_2lcc _cB |
||
| 999 |
_c5861 _d5861 |
||